| 000 -LEADER |
| fixed length control field |
00779cam a2200205 a 4500 |
| 020 ## - INTERNATIONAL STANDARD BOOK NUMBER |
| ISBN |
1564321509 (pbk.) |
| 040 ## - CATALOGING SOURCE |
| Transcribing agency |
OWpDIAFB |
| 082 00 - DEWEY DECIMAL CLASSIFICATION NUMBER |
| Classification number |
323 HRW 1995 C141 Or. |
| 245 00 - TITLE STATEMENT |
| Title |
Cambodia at war / |
| 260 ## - PUBLICATION, DISTRIBUTION, ETC. (IMPRINT) |
| Place of publication |
New York : |
| Name of publisher |
Human Rights Watch, |
| Year of publication |
c1995. |
| 300 ## - PHYSICAL DESCRIPTION |
| Number of Pages |
166 p. ; |
| Dimensions |
23 cm. |
| 500 ## - GENERAL NOTE |
| General note |
"This report was written by Dinah PoKempner"--P. vii. |
| 500 ## - GENERAL NOTE |
| General note |
"The Arms Project was established in 1992 to monitor and prevent arms transfers to governments ... grossly violating internationally recognized human rights and the laws of war ..."--T.p. verso. |
| 650 #0 - SUBJECT ADDED ENTRY--TOPICAL TERM |
| Topical Term |
Human rights |
| 700 1# - ADDED ENTRY--PERSONAL NAME |
| Personal name |
PoKempner, Dinah. |
| 710 2# - ADDED ENTRY--CORPORATE NAME |
| Corporate name or jurisdiction name as entry element |
Human Rights Watch/Asia. |
| 710 2# - ADDED ENTRY--CORPORATE NAME |
| Corporate name or jurisdiction name as entry element |
Arms Project (Human Rights Watch) |
| 710 2# - ADDED ENTRY--CORPORATE NAME |
| Corporate name or jurisdiction name as entry element |
Human Rights Watch (Organization) |
| 942 ## - ADDED ENTRY ELEMENTS (KOHA) |
| Koha item type |
សៀវភៅភាសាអង់គ្លេស |
| 952 ## - LOCATION AND ITEM INFORMATION (KOHA) |
| Withdrawn status [LOCAL, KOHA] |
0 |